Pokémon - Les attaques de Mélo - Statistiques

Statistiques générales
  • Ce quiz a été pris 9 fois
  • Le résultat moyen est 6 sur 8
Statistiques - réponses
Niveaux Types Noms des attaques % Correct
Niveau 12 Fée Voix Enjôleuse
100%
Niveau 20 Fée Charme
80%
Niveau 8 Fée Doux Baiser
80%
Départ Normal Écras'Face
80%
Départ Normal Photocopie
80%
Niveau 4 Normal Berceuse
60%
Niveau 16 Normal Encore
40%
Départ Normal Trempette
40%
Aucun quiz correspondant
Distribution des résultats
% des personnes avec chaque résultat
Percentile par nombre de réponses
Votre historique - résultats
Vous n’avez pas pris ce quiz